1421 1361 1607 1233 1276 1797 1734 1539 1490 1085 1463 1059 1301 1855 1870 1055 1744 1044 1559 1058 1680 1465 1966 1835 1862 1230 1587 1048 1047 1399 1680 1209 1870 1775 1531 1263 1689 1624 1733 1111 1378 1920 1631 1855 1871 1596 1707 1975 1059 1005 1583 1801 1998 1927 1884 1325 1379 1228 1212 1687 1336 1633 1089 1620 1357 1738 1895 1212 1964 1624 1176 1109 1193 1564 1420 1488 1535 1799 1729 1772 1044 1025 1048 1832 1376 1859 1404 1108 1306 1002 1925 1483 1613 1083 1701 1428 1365 1685 1692 BCNSPRNW ULIB Ver.6.0+V

เปลี่ยนเป็นภาษาไทย

Change to English
 แสดงรายละเอียดบรรณานุกรม
  กลับหน้าหลัก

Brief Record : Get Marc (ISO 2709) : E-mail record : QR code < ปิดหน้าต่าง
LEADER : 00000nam 2200000uu 4500
001    13399112041
003     ULIB
008    110725s2545||||th 000 0 tha d
020    9745782653
020    9789745782655
050  4 H61^bป242น 2545
100 0  ประชุม รอดประเสริฐ
245 10 นโยบายและการวางแผน :^bหลักการและทฤษฎี /^cประชุม รอดประเสริฐ
250    พิมพ์ครั้งที่ 7
260    กรุงเทพฯ :^bเนติกุลการพิมพ์,^c2545
300    384 หน้า :^bภาพประกอบ ;^c26 ซม.
650  7 การวางแผน
650  7 นโยบาย
650  7 การบริหาร
650  7 นโยบายศาสตร์
945    ^p350^l0^i015591
945    ^p350^l0^i015592
995    ทศพร
999 ^a ทศพร
รายการนี้ยังไม่มีแท็ก
คุณยังไม่ได้ล็อกอิน คุณสามารถมีกิจกรรมร่วมกับเว็บไซต์ได้ แต่ต้องล็อกอินก่อน ::
  ล็อกอิน

รายการสื่อสารสนเทศ

ลำดับที่ ประเภท เลขเรียก/บาร์โค้ด สถานที่ สถานะ
- ไม่พบข้อมูล -

รายการใกล้เคียง
    หัวเรื่อง [การวางแผน]
    หัวเรื่อง [นโยบาย]
    หัวเรื่อง [การบริหาร]

BibComment


ยังไม่เคยถูกคอมเมนท์

คอมเมนท์ทรัพยากรรายการนี้
  คอมเมนท์: นโยบายและการวางแผ..


 Copyright 2026. Bcnsprnw @Library